Perturbations des apprentissages précoces (notice n° 1586936)
[ vue normale ]
| 000 -LEADER | |
|---|---|
| fixed length control field | 01271cam a2200193 4500500 |
| 005 - DATE AND TIME OF LATEST TRANSACTION | |
| control field | 20251228060108.0 |
| 041 ## - LANGUAGE CODE | |
| Language code of text/sound track or separate title | fre |
| 042 ## - AUTHENTICATION CODE | |
| Authentication code | dc |
| 100 10 - MAIN ENTRY--PERSONAL NAME | |
| Personal name | Golse, Bernard |
| Relator term | author |
| 245 00 - TITLE STATEMENT | |
| Title | Perturbations des apprentissages précoces |
| 260 ## - PUBLICATION, DISTRIBUTION, ETC. | |
| Date of publication, distribution, etc. | 2005.<br/> |
| 500 ## - GENERAL NOTE | |
| General note | 7 |
| 520 ## - SUMMARY, ETC. | |
| Summary, etc. | Résumé L’année scolaire 2003-2004 a été l’occasion pour des professeurs de collège, d’initier un projet qui a pris un sens particulier grâce à la collaboration d’animateurs de prévention santé. Par le biais d’un travail autour de l’autoportrait, l’objectif était de faire évoluer l’image que les adolescents avaient d’eux-mêmes, tout en leur faisant acquérir des techniques artistiques et informatiques. Cette aventure humaine a semble-t-il permis à un grand nombre d’élèves de vivre une expérience épanouissante dont ils ont pu prendre conscience à travers la verbalisation suscitée par le groupe et l’étayage des préventeurs. |
| 700 10 - ADDED ENTRY--PERSONAL NAME | |
| Personal name | Verdier-Gibello, |
| Relator term | author |
| 700 10 - ADDED ENTRY--PERSONAL NAME | |
| Personal name | Bullinger, André |
| Relator term | author |
| 700 10 - ADDED ENTRY--PERSONAL NAME | |
| Personal name | Leblanc, Antoine |
| Relator term | author |
| 786 0# - DATA SOURCE ENTRY | |
| Note | Enfances & Psy | 28 | 3 | 2005-03-01 | p. 12-32 | 1286-5559 |
| 856 41 - ELECTRONIC LOCATION AND ACCESS | |
| Uniform Resource Identifier | <a href="https://shs.cairn.info/revue-enfances-et-psy-2005-3-page-12?lang=fr&redirect-ssocas=7080">https://shs.cairn.info/revue-enfances-et-psy-2005-3-page-12?lang=fr&redirect-ssocas=7080</a> |
Pas d'exemplaire disponible.




Réseaux sociaux